International Thermodynamic Tables of the Fluid State : Chlorine : Tentative Tables /

Guardat en:
Dades bibliogràfiques
Autor corporatiu: International Union of Pure and Applied Chemistry
Altres autors: Angus, Selby (edición) (edición), Armstrong, Barrie (edición) (edición), Reuck, K.M. de (edición) (edición)
Format: Llibre
Idioma:anglès
Publicat: Oxford, Inglaterra : Pergamon, 1985, c1985
Col·lecció:(International Thermodynamic Tables of the Fluid State ; 8)
(IUPAC Chemical Data Series ; 31)
Matèries:
Etiquetes: Afegir etiqueta
Sense etiquetes, Sigues el primer a etiquetar aquest registre!

MARC

LEADER 00000nam^a2200000^a^4500
001 000177742
005 20250521000000.0
009 20260310101725.216
020 |a 0-08-030713-2 
037 |a Acervo ITESO - Biblioteca 
041 |a ING 
082 |a 536. 0212  |b INT V. 8 
110 |a International Union of Pure and Applied Chemistry 
240 1 1 |a [International Thermodynamic Tables of the Fluid State] 
245 1 0 |a International Thermodynamic Tables of the Fluid State :  |b Chlorine : Tentative Tables /  |c Ed. de S. Angus, B. Armstrong, K.M. de Reuck. 
264 4 |a Oxford, Inglaterra :  |b Pergamon,  |c 1985, c1985 
300 |a XVIII, 162 p. 
336 |a texto  |b txt  |2 rdacontenido 
337 |a sin mediación  |b n  |2 rdamedio 
338 |a volumen  |b nc  |2 rdasoporte 
440 1 |a (International Thermodynamic Tables of the Fluid State ;  |v 8) 
440 1 |a (IUPAC Chemical Data Series ;  |v 31) 
649 |a XX 
650 |a Cloro -  |x Tablas 
650 |a Halógenos 
650 |a Fluidos -  |x Propiedades Termodinámicas -  |x Tablas 
650 |a Termodinámica -  |x Tablas 
650 |a Fisicoquímica 
700 |a Angus, Selby  |e (edición) 
700 |a Armstrong, Barrie  |e (edición) 
700 |a Reuck, K.M. de  |e (edición) 
910 |a Fondo General 
920 |a Impresos - Libros 
930 |a Obras de Referencia 
905 |a 102 
901 |a 0500116569  |b IT2  |c REF  |u 20250521 
902 |a https://opac.biblio.iteso.mx/vufind/Record/000177742